000 00716cab a2200241 4500
001 ABS55105
008 090401t1996 xxu||||| |||| 00| 0 eng d
035 _a(Sirsi) u14237
041 _aeng
100 _aRidout, G.
245 _aCertifiable mess
260 _c1996
350 _a0
490 _aBuilding
_vBuilding Procurement Supplement May 1996, 10-11(2)
520 _aExamines failings of quality management certification schemes in construction and suggests ways of improvement.
650 _aCONSTRUCTION INDUSTRY
650 _aISO 9000
650 _aQUALITY MANAGEMENT CERTIFICATION SCHEMES
650 _aQUALITY MANAGEMENT
690 _aBUILT ENVIRONMENT
942 _n0
948 _c04/03/1997
999 _c9252
_d9252